[Event "Xtracon Chess Open 2017"]
[Site "Helsingor DEN"]
[Date "2017.07.29"]
[Round "9.115"]
[White "Philipsen, William Horup"]
[Black "Hafstad, Leif"]
[Result "0-1"]
[WhiteElo "1977"]
[BlackElo "1735"]
[WhiteFideId "1408470"]
[BlackFideId "438030"]
[EventDate "2017.07.22"]

1. e4 e6 2. d4 d5 3. e5 c5 4. c3 Nc6 5. Nf3 Qb6 6. Bd3 Bd7 7. O-O cxd4 8. cxd4
Nge7 9. Nc3 Ng6 10. Bg5 Nxd4 11. Nxd4 Qxd4 12. Nb5 Qxe5 13. Qd2 Be7 14. f4 Bxg5
15. Bxg6 hxg6 16. Rae1 Qb8 17. Qxd5 Be7 18. Qc4 Bxb5 19. Qxb5+ Kf8 20. Re2 Qc7
21. Kh1 Rd8 22. Qb3 Bd6 23. g3 Qc6+ 24. Rf3 Bc5 25. Kg2 Qd5 26. Qc2 Qh5 27. h4
Qd5 28. Re5 Qd2+ 29. Qxd2 Rxd2+ 30. Kh3 Rh5 31. f5 Bg1 32. g4 Rh2+ 33. Kg3 R5xh4
34. fxe6 R4h3+ 35. Kf4 Rxf3+ 36. Kxf3 Rf2+ 37. Kg3 Bh2+ 0-1

[Event "Xtracon Chess Open 2017"]
[Site "Helsingor DEN"]
[Date "2017.07.29"]
[Round "9.116"]
[White "Justinussen, Sigurd B."]
[Black "Olsen, Kim Alex"]
[Result "1-0"]
[WhiteElo "1963"]
[BlackElo "1706"]
[WhiteFideId "7200773"]
[BlackFideId "1406663"]
[EventDate "2017.07.22"]

1. e4 d6 2. d4 Nf6 3. Nc3 g6 4. Nf3 Bg7 5. Be2 c6 6. O-O O-O 7. Bf4 Bg4 8. Qd2
Bxf3 9. Bxf3 Re8 10. d5 c5 11. e5 dxe5 12. Bxe5 Nbd7 13. Bf4 Nb6 14. b3 Nfxd5
15. Nxd5 Bxa1 16. Rxa1 Nxd5 17. Qxd5 Qa5 18. Bd2 Qc7 19. Qxb7 Qe5 20. Re1 Qd4
21. Ba5 c4 22. Qd5 Qb2 23. Qxc4 Rac8 24. Bc6 Qf6 25. Bxe8 Rxc4 26. bxc4 Qa6 27.
Bb4 Qxc4 28. Bxe7 Qc3 29. Kf1 Qxc2 30. Bb5 Kg7 31. a4 Qc7 32. h3 Qh2 33. f3 h5
34. Bc5 Qc7 35. Bd4+ Kh6 36. Be3+ Kg7 37. Rd1 Qc2 38. Rd2 Qc1+ 39. Kf2 h4 40.
Rd4 Qc2+ 41. Be2 g5 42. Bxg5 f6 43. Be3 1-0

[Event "Xtracon Chess Open 2017"]
[Site "Helsingor DEN"]
[Date "2017.07.29"]
[Round "9.117"]
[White "Solli, Oddvar"]
[Black "Rasmussen, Lars Garne"]
[Result "1/2-1/2"]
[WhiteElo "1738"]
[BlackElo "1961"]
[WhiteFideId "1501208"]
[BlackFideId "1406434"]
[EventDate "2017.07.22"]

1. Nf3 d5 2. c4 d4 3. g3 Nc6 4. Bg2 e5 5. d3 Bb4+ 6. Nbd2 a5 7. O-O Nf6 8. a3
Be7 9. Qc2 O-O 10. e3 Bf5 11. exd4 Nxd4 12. Nxd4 Qxd4 13. Ne4 Rad8 14. Nxf6+
Bxf6 15. Be4 Bxe4 16. dxe4 Qd3 17. Qxd3 Rxd3 18. Be3 a4 19. Rac1 Be7 20. Rfd1
Rfd8 21. Rxd3 Rxd3 22. Kf1 Kf8 23. Ke2 Rb3 24. Rc2 Ke8 25. Kd1 Kd7 26. Rd2+ Kc6
27. Kc2 h6 28. Rd5 f6 29. h3 Bd6 30. g4 Kd7 31. Rd3 1/2-1/2

[Event "Xtracon Chess Open 2017"]
[Site "Helsingor DEN"]
[Date "2017.07.29"]
[Round "9.118"]
[White "Kirkebaekke, Mark"]
[Black "Hjornevik, Knut J"]
[Result "0-1"]
[WhiteElo "1716"]
[BlackElo "1952"]
[WhiteFideId "1414917"]
[BlackFideId "1505157"]
[EventDate "2017.07.22"]

1. e4 c5 2. d4 cxd4 3. c3 dxc3 4. Nxc3 Nc6 5. Nf3 d6 6. Bc4 a6 7. O-O Nf6 8. e5
dxe5 9. Ng5 e6 10. Qa4 Bd7 11. Rd1 h6 12. Nxe6 fxe6 13. Bxe6 Nd4 14. Bxd7+ Qxd7
15. Qa5 b5 16. Qb6 Qc6 17. Qxc6+ Nxc6 18. Be3 Be7 19. Rac1 Rc8 20. Nd5 Nxd5 21.
Rxd5 Kf7 22. Bb6 Nb4 23. Rdd1 Rxc1 24. Rxc1 Re8 25. a3 Nd3 26. Rc2 Rb8 27. Be3
Rd8 28. Kf1 Nf4 29. f3 Rd1+ 30. Kf2 Rb1 31. Rd2 Rxb2 32. Bxf4 Rxd2+ 33. Bxd2
Bxa3 34. Ke2 Ke6 35. Kd3 Kd5 36. Kc2 Kc4 37. Bc3 Bd6 38. f4 e4 39. f5 Bf8 40. g4
b4 41. Be5 b3+ 42. Kb1 e3 43. h4 e2 44. Bg3 Bb4 45. g5 hxg5 46. hxg5 Bc3 47. f6
gxf6 48. g6 f5 49. Be1 a5 50. g7 Bxg7 51. Bxa5 Bc3 0-1

[Event "Xtracon Chess Open 2017"]
[Site "Helsingor DEN"]
[Date "2017.07.29"]
[Round "9.119"]
[White "Huse, Sigurd Kjelsbol"]
[Black "Shehzad, Shazil"]
[Result "0-1"]
[WhiteElo "1944"]
[BlackElo "1678"]
[WhiteFideId "1520717"]
[BlackFideId "1521942"]
[EventDate "2017.07.22"]

1. e4 c5 2. Nf3 e6 3. d4 cxd4 4. Nxd4 a6 5. c4 Nf6 6. Nc3 Qc7 7. a3 d6 8. Be2
Nbd7 9. O-O b6 10. Be3 Bb7 11. f3 Rc8 12. Rc1 Be7 13. Qd2 Ne5 14. b3 O-O 15. a4
Nc6 16. Nxc6 Bxc6 17. Qd4 Rb8 18. Ra1 Rfd8 19. Rfc1 Qb7 20. Qd3 Ra8 21. b4 d5
22. b5 axb5 23. cxb5 Be8 24. exd5 Nxd5 25. Qe4 f5 26. Qxe6+ Bf7 27. Qxf5 Nxe3
28. Qe4 Qxe4 29. Nxe4 Bg6 30. Kf2 Ng4+ 31. Kg3 Bxe4 32. fxe4 Ne5 33. Bc4+ Nxc4
34. Rxc4 Bf6 35. Rac1 Rd4 36. Rxd4 Bxd4 37. Rc4 Bc5 38. Kf4 Kf7 39. Ke5 Ke7 40.
h3 g6 41. g4 Rd8 42. Rc2 Rd3 43. Rxc5 bxc5 44. b6 Rb3 45. a5 Rb5 0-1

[Event "Xtracon Chess Open 2017"]
[Site "Helsingor DEN"]
[Date "2017.07.29"]
[Round "9.120"]
[White "Nielsen, Palle"]
[Black "Dittrich, Tom"]
[Result "1/2-1/2"]
[WhiteElo "1715"]
[BlackElo "1943"]
[WhiteFideId "1408526"]
[BlackFideId "12923532"]
[EventDate "2017.07.22"]

1. Nf3 Nf6 2. c4 g6 3. Nc3 Bg7 4. e4 d6 5. d4 O-O 6. h3 c5 7. Be3 cxd4 8. Nxd4
Nc6 9. Be2 Nxd4 10. Bxd4 Bd7 11. O-O Bc6 12. f3 Nh5 13. Bxg7 Nxg7 14. Kh2 Ne6
15. Qd2 Qc7 16. Nd5 Qd7 17. Rad1 Rfd8 18. g4 Bxd5 19. cxd5 Ng7 20. Rc1 1/2-1/2

[Event "Xtracon Chess Open 2017"]
[Site "Helsingor DEN"]
[Date "2017.07.29"]
[Round "9.121"]
[White "Skjolingstad, Sverre"]
[Black "Easwaralingam, Adesh"]
[Result "1/2-1/2"]
[WhiteElo "1644"]
[BlackElo "1941"]
[WhiteFideId "1519913"]
[BlackFideId "1448552"]
[EventDate "2017.07.22"]

1. e4 d6 2. d4 Nf6 3. Nc3 g6 4. Be3 Bg7 5. f4 a6 6. Bd3 O-O 7. Nf3 b5 8. e5 Ng4
9. Bd2 f5 10. h3 Nh6 11. Qe2 c5 12. dxc5 dxc5 13. Qf2 c4 14. Be2 Be6 15. Ng5 Bd7
16. Bf3 Bc6 17. Ne6 Qd7 18. Nxf8 Bxf8 19. O-O-O e6 20. Be3 Qb7 21. Bc5 Bxc5 22.
Qxc5 Nf7 23. Bxc6 Nxc6 24. Rd2 Rc8 25. Qe3 b4 26. Na4 c3 27. Rd3 cxb2+ 28. Nxb2
Nd4 29. Rd2 Nxc2 30. Rxc2 Rxc2+ 31. Kxc2 Qxg2+ 32. Qd2 Qc6+ 33. Nc4 Qxh1 34.
Qxb4 Qe4+ 35. Kb3 Qxf4 36. Qb8+ Kg7 37. Qc7 Qf3+ 38. Kb4 Qe4 39. Kb3 Qd3+ 40.
Kb4 Qe4 41. Kb3 Qd3+ 42. Kb4 Qb1+ 43. Ka3 Qd3+ 1/2-1/2

[Event "Xtracon Chess Open 2017"]
[Site "Helsingor DEN"]
[Date "2017.07.29"]
[Round "9.122"]
[White "Bremer, Erik"]
[Black "Vinter, Christoffer"]
[Result "0-1"]
[WhiteElo "1488"]
[BlackElo "1633"]
[WhiteFideId "1411578"]
[BlackFideId "1449737"]
[EventDate "2017.07.22"]

1. e4 c5 2. Nc3 e6 3. Nf3 Nc6 4. d4 cxd4 5. Nxd4 Qc7 6. Be3 a6 7. a4 Bb4 8. Bd3
Nf6 9. O-O O-O 10. Na2 Be7 11. c4 b6 12. Nxc6 dxc6 13. Nc3 Bb7 14. f3 Rad8 15.
Qe2 c5 16. Bf2 Bd6 17. g3 Rd7 18. Rfd1 Rfd8 19. Bc2 Be5 20. Be1 Bd4+ 21. Kf1 e5
22. Nd5 Nxd5 23. cxd5 Rd6 24. Bb3 Bc8 25. g4 Rf6 26. Qg2 Rdd6 27. Bg3 Bxg4 28.
Rd3 Bxf3 29. Rxf3 Rxf3+ 30. Qxf3 Rf6 31. Qxf6 gxf6 32. Ke2 Bxb2 33. Rg1 Kf8 34.
Bh4 c4 35. Bd1 c3 36. Bc2 Qc4+ 37. Bd3 Qxa4 38. Bxf6 c2 39. d6 c1=N+ 40. Kf3
Nxd3 41. Be7+ Ke8 42. Rg8+ Kd7 43. Rd8+ Ke6 0-1

[Event "Xtracon Chess Open 2017"]
[Site "Helsingor DEN"]
[Date "2017.07.29"]
[Round "9.123"]
[White "van den Brink, Nienke"]
[Black "Strachan, Christian C."]
[Result "1/2-1/2"]
[WhiteElo "1686"]
[BlackElo "1938"]
[WhiteFideId "1452568"]
[BlackFideId "1417215"]
[EventDate "2017.07.22"]

1. b3 d5 2. e3 Nf6 3. f4 c5 4. Nf3 Nc6 5. Bb2 e6 6. Be2 Be7 7. O-O O-O 8. d3 b6
9. Nbd2 Bb7 10. Ne5 Rc8 11. Ndf3 Nd7 12. Nxd7 Qxd7 13. e4 Rcd8 14. Qe1 f6 15.
Kh1 Nb4 16. Bd1 Qc7 17. e5 f5 18. a3 Nc6 19. d4 cxd4 20. Nxd4 Nxd4 21. Bxd4 Rc8
22. a4 Bc5 23. c3 Qe7 24. Qd2 Rc7 25. b4 Bxd4 26. cxd4 Rfc8 27. Bb3 Rc3 28. Rab1
Qc7 29. b5 a6 30. h3 axb5 31. axb5 Qd7 32. Bd1 R8c7 33. Kg1 Qe8 34. Ba4 Qa8 35.
Ra1 Bc8 36. Bb3 Qb7 37. Rab1 Bd7 38. Ba4 Qc8 39. Kh2 h6 40. Rb2 Kh7 41. Rfb1 Be8
42. Bd1 g6 43. Ra1 Bd7 44. Raa2 R3c4 45. Be2 Rc3 46. Bf1 h5 47. Ra1 Qf8 48. Ra6
Qb8 49. Be2 Bc8 50. Ra1 Bb7 51. Raa2 Qc8 52. Bd3 Kh6 53. Rc2 Rxc2 1/2-1/2

[Event "Xtracon Chess Open 2017"]
[Site "Helsingor DEN"]
[Date "2017.07.29"]
[Round "9.124"]
[White "Loveid, Erik"]
[Black "Basson, Heinrich"]
[Result "0-1"]
[WhiteElo "1640"]
[BlackElo "1937"]
[WhiteFideId "1520067"]
[BlackFideId "14301440"]
[EventDate "2017.07.22"]

1. d4 d5 2. c4 c6 3. cxd5 cxd5 4. Nc3 Nc6 5. Nf3 Nf6 6. Bf4 a6 7. e3 e6 8. Bd3
Bd6 9. Bxd6 Qxd6 10. Rc1 O-O 11. O-O e5 12. dxe5 Nxe5 13. Nxe5 Qxe5 14. Be2 Be6
15. Bf3 Rfd8 16. Re1 Rac8 17. Qa4 Rc4 18. Qb3 Qc7 19. Ne2 b5 20. Rxc4 dxc4 21.
Qc2 Bg4 22. Bxg4 Nxg4 23. h3 Ne5 24. Nd4 Nd3 25. Rd1 Nb4 26. Qc3 Qc5 27. a3 Nc6
28. Kf1 Nxd4 29. Rxd4 Rxd4 30. Qxd4 Qxd4 31. exd4 Kf8 32. Ke2 Ke7 33. g4 Ke6 34.
f4 Kd5 35. Ke3 f6 36. h4 h6 0-1

[Event "Xtracon Chess Open 2017"]
[Site "Helsingor DEN"]
[Date "2017.07.29"]
[Round "9.126"]
[White "Henriksen, Morgan"]
[Black "Bjornes, Leif"]
[Result "0-1"]
[WhiteElo "1632"]
[BlackElo "1934"]
[WhiteFideId "1510495"]
[BlackFideId "1507397"]
[EventDate "2017.07.22"]

1. d4 d5 2. c4 c6 3. Nc3 Nf6 4. cxd5 cxd5 5. Qc2 Nc6 6. e3 e6 7. Bd3 Nb4 8. Bb5+
Bd7 9. Bxd7+ Qxd7 10. Qe2 Be7 11. Nf3 Nc6 12. O-O O-O 13. Bd2 Rfc8 14. Rad1 a6
15. Rfe1 b5 16. Ne5 Qb7 17. Qf3 Bd6 18. Nd3 Qb6 19. Ne2 Ne4 20. Bc1 Nb4 21. a3
Nc2 22. Rf1 Na1 23. b4 Nb3 24. Nc5 Nxc1 25. Nxc1 Nf6 26. N1d3 a5 27. Ra1 Ra7 28.
Ne5 Bxe5 29. dxe5 Nd7 30. Nxd7 Rxd7 31. Rfc1 Rdc7 32. Qd1 a4 33. Rxc7 Qxc7 34.
f4 Qc3 35. Kf2 Rc4 36. Ra2 Kf8 37. Ke2 Ke7 38. Qd2 f6 39. Qxc3 Rxc3 40. Kd2 Rb3
41. exf6+ Kxf6 42. g4 g5 43. fxg5+ Kxg5 44. Rc2 Kxg4 45. Rc3 Rxc3 46. Kxc3 e5
47. Kd3 Kf3 48. h3 h6 0-1

[Event "Xtracon Chess Open 2017"]
[Site "Helsingor DEN"]
[Date "2017.07.29"]
[Round "9.127"]
[White "Larsen, Hans Haagen"]
[Black "Rosell, Sven"]
[Result "0-1"]
[WhiteElo "1627"]
[BlackElo "1930"]
[WhiteFideId "1409557"]
[BlackFideId "1707760"]
[EventDate "2017.07.22"]

1. e4 c6 2. d4 d5 3. Nc3 dxe4 4. Nxe4 Nf6 5. Ng3 h5 6. Bc4 h4 7. N3e2 Bf5 8. h3
e6 9. Nf3 Be7 10. Bf4 Nbd7 11. Ne5 Nd5 12. Bh2 Nxe5 13. Bxe5 Qb6 14. Bb3 O-O-O
15. c3 Bd6 16. Bxd6 Rxd6 17. c4 Qb4+ 18. Qd2 Qxd2+ 19. Kxd2 Nf6 20. f3 e5 21.
Kc3 Re8 22. Rad1 exd4+ 23. Nxd4 Re3+ 24. Kb4 Bd7 25. c5 Nd5+ 26. Ka3 Rg6 27. Rd2
Kc7 28. Nc2 Re5 29. Rhd1 Be6 30. Nd4 Re3 31. Ka4 Bd7 32. Bc2 Rg5 33. Bb3 b6 34.
Rc1 bxc5 35. Rxc5 Nb6+ 36. Kb4 Rxc5 37. Kxc5 Re5+ 38. Kb4 c5+ 39. Kc3 cxd4+ 40.
Kxd4 Re7 41. Kc5 Be6 42. Bc2 Rd7 43. Re2 Rd5+ 44. Kb4 Rg5 45. b3 Nd5+ 46. Ka3
Nf4 47. Re4 Rxg2 48. Rxf4 Rxc2 49. Rxh4 Rc3 50. Ra4 Rxf3 51. h4 Rh3 52. Rxa7+
Kb6 53. Ra4 Rg3 54. Rb4+ Kc5 55. Rf4 Rg4 56. Rxg4 Bxg4 57. Ka4 Kb6 58. Kb4 Be6
59. a4 f5 60. Kc3 Ka5 61. h5 f4 62. Kd4 f3 63. Ke3 Bd5 0-1

[Event "Xtracon Chess Open 2017"]
[Site "Helsingor DEN"]
[Date "2017.07.29"]
[Round "9.128"]
[White "Kvamme, Ingrid Jodre"]
[Black "Meyer, Juergen"]
[Result "0-1"]
[WhiteElo "1512"]
[BlackElo "1928"]
[WhiteFideId "1516981"]
[BlackFideId "24661759"]
[EventDate "2017.07.22"]

1. Nf3 d5 2. g3 c6 3. c4 Bg4 4. Bg2 e6 5. b3 Nd7 6. O-O Ngf6 7. d3 Bd6 8. Bb2
O-O 9. Nbd2 Qe7 10. e4 dxe4 11. Nxe4 Nxe4 12. dxe4 e5 13. Qc2 Ba3 14. Rad1 Bxb2
15. Qxb2 Bxf3 16. Bxf3 Rfd8 17. b4 c5 18. a3 cxb4 19. axb4 Rac8 20. Bg4 Rxc4 21.
Bxd7 Rxd7 22. Rxd7 Qxd7 23. Qxe5 Rc7 24. Qd5 Qxd5 25. exd5 Kf8 26. Re1 Rd7 27.
Ra1 a6 28. Ra5 Ke7 29. Kg2 Kd6 30. f4 Rc7 31. Ra2 Kxd5 32. Rd2+ Kc6 33. Rd4 Kb5
34. Kf3 b6 35. Ke3 a5 36. bxa5 Kxa5 37. Kd3 b5 38. Rd8 b4 39. Ra8+ Kb5 40. Rb8+
Ka4 41. Ra8+ Kb3 42. Rb8 Ka3 43. Ra8+ Kb2 44. Kd2 b3 45. Rd8 Kb1 46. Ra8 b2 47.
Ra6 Rd7+ 48. Ke2 Rd5 49. Ra7 Kc2 50. Rc7+ Kb3 51. Rb7+ Kc3 52. Rc7+ Kb4 53. Rb7+
Rb5 0-1

[Event "Xtracon Chess Open 2017"]
[Site "Helsingor DEN"]
[Date "2017.07.29"]
[Round "9.129"]
[White "Erikstad, Olav"]
[Black "Wahlund, Max"]
[Result "0-1"]
[WhiteElo "1781"]
[BlackElo "2142"]
[WhiteFideId "1504983"]
[BlackFideId "1741861"]
[EventDate "2017.07.22"]

1. e4 e5 2. f4 exf4 3. Bc4 Qh4+ 4. Kf1 d5 5. exd5 Bd6 6. Nf3 Qh6 7. d4 Ne7 8.
Nc3 O-O 9. Nb5 Bg4 10. Nxd6 Qxd6 11. Qd3 Nd7 12. Bb3 Bf5 13. Qd2 Ng6 14. c4 Nf6
15. Bc2 Ne4 16. Bxe4 Bxe4 17. b3 Rfe8 18. Qd1 Qf6 19. Kf2 Bxf3 20. gxf3 Qh4+ 21.
Kg2 Re3 22. Rf1 Rae8 23. Rf2 Qg5+ 24. Kf1 Qf5 25. Bd2 Qh3+ 26. Kg1 Nh4 27. Qf1
Nxf3+ 28. Rxf3 Qxf3 29. Bxe3 Qg4+ 30. Qg2 Qxg2+ 31. Kxg2 Rxe3 32. Kf2 f5 33. c5
Kf7 34. b4 Rd3 35. d6 cxd6 36. cxd6 Rxd4 37. Rc1 Rxd6 38. Rc7+ Kf6 39. Rxb7 Rd2+
40. Kf3 Rxa2 41. Kxf4 Rxh2 42. Rxa7 Rh4+ 43. Kg3 Rxb4 44. Ra6+ Kg5 45. Kh2 h5
46. Ra5 Kg4 47. Ra1 Rb2+ 48. Kh1 Rb3 49. Rg1+ Rg3 50. Ra1 g5 51. Ra4+ f4 52. Ra2
Rh3+ 53. Kg1 Rb3 54. Kh1 f3 55. Rf2 Kg3 56. Rf1 Rb2 57. Rg1+ Rg2 58. Ra1 Rh2+
59. Kg1 f2+ 0-1

[Event "Xtracon Chess Open 2017"]
[Site "Helsingor DEN"]
[Date "2017.07.29"]
[Round "9.130"]
[White "Merkesvik, Amalie Isabel"]
[Black "Winfridsson, Hakan"]
[Result "0-1"]
[WhiteElo "1754"]
[BlackElo "2081"]
[WhiteFideId "1514369"]
[BlackFideId "1706292"]
[EventDate "2017.07.22"]

1. e4 c5 2. Nf3 Nc6 3. d4 cxd4 4. Nxd4 Nf6 5. Nc3 e5 6. Ndb5 d6 7. Bg5 a6 8. Na3
b5 9. Nd5 Be7 10. Bxf6 Bxf6 11. c3 Bg5 12. Nc2 Be6 13. a4 bxa4 14. Rxa4 a5 15.
Bc4 Rb8 16. b3 O-O 17. Nce3 Kh8 18. h4 Bf4 19. g3 Bh6 20. g4 Bf4 21. Nxf4 exf4
22. Nd5 Ne5 23. f3 Nxc4 24. Rxc4 Bxd5 25. Qxd5 Rxb3 26. O-O Qxh4 27. Qxd6 Qg3+
28. Kh1 Rg8 29. Qd2 Rb6 30. Qg2 Qh4+ 31. Kg1 Qg5 32. Rd1 Rgb8 33. Qf2 h6 34. Rc5
Qf6 35. Rxa5 Rb2 36. Rd2 Rxd2 37. Qxd2 Qb6+ 0-1

[Event "Xtracon Chess Open 2017"]
[Site "Helsingor DEN"]
[Date "2017.07.29"]
[Round "9.131"]
[White "Schouten, Mathias Lind"]
[Black "Stray, Gunnar"]
[Result "0-1"]
[WhiteElo "1734"]
[BlackElo "2078"]
[WhiteFideId "1532790"]
[BlackFideId "1501631"]
[EventDate "2017.07.22"]

1. e4 c5 2. Nf3 e6 3. d4 cxd4 4. Nxd4 a6 5. Nc3 Qc7 6. Bd3 Nc6 7. Nce2 Nf6 8.
O-O Ne5 9. f4 Nxd3 10. cxd3 Bc5 11. Kh1 b5 12. Be3 Ng4 13. Bg1 Qa7 14. Rc1 Bb6
15. h3 h5 16. g3 Nf6 17. Nf3 Bb7 18. Bxb6 Qxb6 19. b4 Ke7 20. a4 bxa4 21. Qxa4
Rhc8 22. Ne5 Rxc1 23. Nxc1 d5 24. Nb3 dxe4 25. dxe4 Bxe4+ 26. Kh2 Rd8 27. Qa5
Qxa5 28. bxa5 Rb8 29. Nd2 Rb2 30. Nc4 Ra2 31. Rf2 Bd5 32. Kg1 Ra4 33. Nb6 Rxa5
34. Nxd5+ Nxd5 35. f5 Ra1+ 36. Kh2 Ra2 37. fxe6 fxe6 38. g4 Ne3 39. Kg3 Rxd2 0-1

[Event "Xtracon Chess Open 2017"]
[Site "Helsingor DEN"]
[Date "2017.07.29"]
[Round "9.132"]
[White "Tandrup, Michael"]
[Black "Sebastian, Andreas"]
[Result "1-0"]
[WhiteElo "1946"]
[BlackElo "1800"]
[WhiteFideId "1408356"]
[BlackFideId "1529498"]
[EventDate "2017.07.22"]

1. d4 Nf6 2. Nf3 c5 3. e3 e6 4. b3 b6 5. Bb2 Bb7 6. Be2 Be7 7. O-O O-O 8. dxc5
bxc5 9. c4 d6 10. Nc3 Nc6 11. a3 Rb8 12. Qc2 a6 13. Rfd1 Qc7 14. Ng5 Na5 15. Nb5
axb5 16. Bxf6 g6 17. Bxe7 Qxe7 18. Nf3 bxc4 19. bxc4 d5 20. Qc3 Nxc4 21. Bxc4
dxc4 22. Qxc4 Bd5 23. Qe2 Qf6 24. Rab1 Qc3 25. Rbc1 Qxa3 26. Ne5 Rb2 27. Qg4 Qa7
28. h4 Qc7 29. Nd3 Rb5 30. h5 Bb3 31. Re1 Kg7 32. Nf4 c4 33. hxg6 hxg6 34. Qg3
Qe7 35. Ne2 e5 36. Nc3 Ra5 37. e4 f6 38. Nd5 Qe6 39. Nc7 Qb6 40. Nd5 Qd4 41. Ne7
Kf7 42. Nc6 Qc5 43. Nxa5 Qxa5 44. Ra1 Qb6 45. Qe3 Qd4 46. Qh6 Rg8 47. Qh7+ Rg7
48. Qh6 Bc2 49. Ra8 Qd7 50. Qh8 Ke6 51. Re8+ Re7 52. Qg8+ 1-0

[Event "Xtracon Chess Open 2017"]
[Site "Helsingor DEN"]
[Date "2017.07.29"]
[Round "9.133"]
[White "Kocur, Marc"]
[Black "Frederiksen Kristian, Pade"]
[Result "0-1"]
[WhiteElo "1934"]
[BlackElo "1783"]
[WhiteFideId "205036"]
[BlackFideId "1435205"]
[EventDate "2017.07.22"]

1. Nf3 Nf6 2. g3 g6 3. Bg2 Bg7 4. d3 d5 5. Nbd2 O-O 6. e4 Nbd7 7. e5 Ne8 8. d4
f6 9. Qe2 fxe5 10. dxe5 Rf5 11. Bh3 Nxe5 12. Bxf5 Nxf3+ 13. Nxf3 Bxf5 14. h3 Nd6
15. Ng5 e5 16. g4 Bd7 17. a4 h6 18. Nf3 e4 19. Nd2 Qh4 20. Ra3 Re8 21. Kd1 b5
22. f3 b4 23. Ra2 e3 24. Nb3 d4 25. Nc5 Bc6 26. Nd3 Bd5 27. b3 a5 28. Nf4 Bf7
29. Qd3 Qf6 30. Ne2 c5 31. Bb2 Qxf3 32. Re1 c4 33. bxc4 Bxc4 34. Qxg6 Re6 0-1

[Event "Xtracon Chess Open 2017"]
[Site "Helsingor DEN"]
[Date "2017.07.29"]
[Round "9.134"]
[White "Ukkelberg, Oyvind"]
[Black "Nordin, Eric"]
[Result "1/2-1/2"]
[WhiteElo "1933"]
[BlackElo "1781"]
[WhiteFideId "1507893"]
[BlackFideId "1711822"]
[EventDate "2017.07.22"]

1. g3 d5 2. Bg2 Nf6 3. d3 Nc6 4. c3 e5 5. Qc2 Be7 6. Nd2 Bg4 7. h3 Bf5 8. e4
dxe4 9. dxe4 Be6 10. Ne2 Qd6 11. Nf1 Rd8 12. Ne3 O-O 13. O-O Qd3 14. Qxd3 Rxd3
15. g4 h6 16. Ng3 Rfd8 17. Re1 Bf8 18. Kh2 Ne7 19. c4 c6 20. b3 Ng6 21. Bf1 R3d7
22. Bb2 Bc5 23. Rad1 Nh4 24. Be2 Bxe3 25. fxe3 Ng6 26. Rxd7 Rxd7 27. Rd1 c5 28.
Rxd7 Nxd7 29. Nf5 Bxf5 30. exf5 Ne7 31. Bf3 Nc6 32. Bc3 Kf8 33. Kg3 Ke7 34. h4
f6 35. Bd5 Kd6 36. Kf3 b6 37. Bxc6 Kxc6 38. Ke4 Kd6 39. a3 Kc6 40. g5 hxg5 41.
hxg5 Kd6 42. g6 a6 43. a4 a5 44. Be1 Nf8 45. Bg3 Nd7 46. Bh4 Kc6 47. Bxf6 Nxf6+
48. Kxe5 Kd7 49. e4 Ke7 50. Kf4 Nh5+ 51. Kg5 Ng3 52. e5 Ne4+ 53. Kf4 Nd2 54. Kg5
Ne4+ 55. Kf4 Nd2 56. Kg5 Ne4+ 57. Kf4 Nd2 58. Kg5 Ne4+ 1/2-1/2

[Event "Xtracon Chess Open 2017"]
[Site "Helsingor DEN"]
[Date "2017.07.29"]
[Round "9.135"]
[White "Rasmussen, Henrik Egede"]
[Black "Ski, Jonathan K."]
[Result "0-1"]
[WhiteElo "1926"]
[BlackElo "1771"]
[WhiteFideId "1417800"]
[BlackFideId "1521667"]
[EventDate "2017.07.22"]

1. Nc3 d5 2. e4 d4 3. Nce2 e5 4. Ng3 Nf6 5. Bc4 Bd6 6. Nf3 O-O 7. O-O c5 8. h3
Nc6 9. a4 a6 10. d3 Rb8 11. Bg5 h6 12. Bd2 b5 13. axb5 axb5 14. Ba2 Qc7 15. Qc1
Kh7 16. Nh4 Ne7 17. Ngf5 Nxf5 18. Nxf5 Bxf5 19. exf5 c4 20. dxc4 bxc4 21. Bb1
Rb5 22. Qe1 Rxb2 23. g4 Rfb8 24. g5 hxg5 25. Bxg5 Qd7 26. Bxf6 gxf6 27. Qe4 Rg8+
28. Kh2 Rg5 29. Qh4+ Kg7 30. Ra8 Rb8 31. Rxb8 Bxb8 32. c3 d3 33. Qxc4 e4+ 34.
Kh1 Qxf5 0-1

[Event "Xtracon Chess Open 2017"]
[Site "Helsingor DEN"]
[Date "2017.07.29"]
[Round "9.136"]
[White "Kyrkjebo, Hanna B."]
[Black "Horslund, Mikael"]
[Result "1-0"]
[WhiteElo "1923"]
[BlackElo "1726"]
[WhiteFideId "1511599"]
[BlackFideId "1421042"]
[EventDate "2017.07.22"]

1. e4 c6 2. d4 d5 3. Nc3 dxe4 4. Nxe4 Nf6 5. Nxf6+ exf6 6. Nf3 Be6 7. Bf4 g5 8.
Be3 Nd7 9. Bd3 Qc7 10. c3 Bd6 11. h3 h6 12. Qc2 O-O-O 13. Nd2 Rhe8 14. c4 Kb8
15. O-O-O Bf4 16. Kb1 Nf8 17. Bxf4 Qxf4 18. Nb3 Bc8 19. Rhe1 Ne6 20. g3 Qc7 21.
Qc3 Ng7 22. g4 Qf4 23. Rxe8 Rxe8 24. Nc5 Qf3 25. Qb3 Ka8 26. Bc2 Qxf2 27. Ne4
Qf4 28. Qd3 f5 29. Nc3 fxg4 30. Rf1 Qc7 31. hxg4 Bxg4 32. Qh7 f5 33. Qxh6 Qe7
34. d5 cxd5 35. Nxd5 Qe5 36. Qxg5 Ne6 37. Qd2 Nd4 38. Nc7+ Qxc7 39. Qxd4 a6 40.
a3 Rd8 41. Qf4 Qc5 42. Bxf5 Bxf5+ 43. Qxf5 Rd1+ 44. Kc2 1-0

[Event "Xtracon Chess Open 2017"]
[Site "Helsingor DEN"]
[Date "2017.07.29"]
[Round "9.137"]
[White "Rasmussen, Morten Fredsgaard2"]
[Black "Pedersen, Carl Aage"]
[Result "1-0"]
[WhiteElo "1922"]
[BlackElo "1758"]
[WhiteFideId "1410636"]
[BlackFideId "1417614"]
[EventDate "2017.07.22"]

1. d4 d5 2. Bf4 e6 3. e3 Bd6 4. Nf3 Nf6 5. Nbd2 O-O 6. Bd3 Nc6 7. c3 Ne7 8. Ne5
Nd7 9. Qh5 Ng6 10. Ndf3 Ndxe5 11. dxe5 Be7 12. h4 1-0

[Event "Xtracon Chess Open 2017"]
[Site "Helsingor DEN"]
[Date "2017.07.29"]
[Round "9.138"]
[White "Mehringer, Joerg"]
[Black "Kumpen, Jona"]
[Result "1-0"]
[WhiteElo "1918"]
[BlackElo "1711"]
[WhiteFideId "12915351"]
[BlackFideId "238520"]
[EventDate "2017.07.22"]

1. e4 Nc6 2. Nf3 d6 3. d4 Bg4 4. Be2 e5 5. d5 Nce7 6. c4 Nf6 7. Nc3 Ng6 8. h3
Bxf3 9. Bxf3 Be7 10. g3 h5 11. h4 Qc8 12. Bd2 Ng4 13. Bg2 O-O 14. Bh3 Qd8 15.
Bxg4 hxg4 16. Qxg4 Qc8 17. Qxc8 Rfxc8 18. h5 Nf8 19. Ke2 Nd7 20. f3 c6 21. b3
Nb6 22. Rac1 cxd5 23. Nxd5 Nxd5 24. cxd5 g6 25. hxg6 fxg6 26. Rxc8+ Rxc8 27. Rc1
Rxc1 28. Bxc1 Bd8 29. f4 Bf6 30. Bb2 Kf7 31. fxe5 dxe5 32. a4 Ke7 33. Kd3 a6 34.
Kc4 b6 35. a5 bxa5 36. Kc5 Kd7 37. Kb6 Bd8+ 38. Kxa6 Kd6 39. Bc3 1-0